000 00354cam a22001097a 4500
008 180718b1969 xxu||||| |||| 00| 0 eng d
082 _aB7303x5411 As13 c.3
245 _aAssam municipal act 1956 Assam act no.xv of 1957
260 _aShillong
_bAssam Government Press
_c1969
300 _a153p
650 _aMuniciapl government - India - Assam - Legislation.
999 _c415593
_d415593